000 00460nam a22001577a 4500
008 170318s2016 gt||||| |||| 00| 0 spa d
082 0 4 _a861
_bS712g
110 1 _as.O.P.a.
_95751
245 1 0 _aGravedad cero /
_cs.O.P.a.
250 _a1a ed.
260 _aGuatemala :
_bEdiciones Bizarras ; Publicaciones desde el barco ebrio,
_c[2016].
300 _a94 p.
_bil.
653 1 0 _aLiteratura
653 1 0 _aLiteratura Latinoamericana
653 1 0 _aPoesía - Guatemala
999 _c1153
_d1153